000 00472nam a22001697a 4500
005 20251108172318.0
008 250721s2000 xx 000 0 ara d
082 1 4 _a371.9/عدس
100 1 _aعدس، محمد عبد الرحيم
245 1 0 _aتربية المراهقين /
264 1 _aعمان :
_bدار الفكر،
_c2000.
300 _a334ص
650 1 7 _aالتربية الخاصة
650 1 7 _aالمراهقون
942 _2ddc
_cBK
999 _c75898
_d75898